The Israel merchant marine; (Record no. 31232)

MARC details
000 -LEADER
fixed length control field 00579cam a22002051 4500
001 - CONTROL NUMBER
control field he 65001019
003 - CONTROL NUMBER IDENTIFIER
control field DLC
005 - DATE AND TIME OF LATEST TRANSACTION
control field 20260227111432.0
008 - FIXED-LENGTH DATA ELEMENTS--GENERAL INFORMATION
fixed length control field 760312s1962 is a 000 0 eng
010 ## - LIBRARY OF CONGRESS CONTROL NUMBER
LC control number he 65001019
035 ## - SYSTEM CONTROL NUMBER
System control number (OCoLC)2045583
040 ## - CATALOGING SOURCE
Original cataloging agency DLC
Transcribing agency NmU
Modifying agency OCoLC
-- DLC
042 ## - AUTHENTICATION CODE
Authentication code premarc
050 00 - LIBRARY OF CONGRESS CALL NUMBER
Classification number HE899.I8
Item number B3
110 2# - MAIN ENTRY--CORPORATE NAME
Corporate name or jurisdiction name as entry element Banḳ Yiśraʼel.
Subordinate unit Maḥleḳet ha-meḥḳar.
245 14 - TITLE STATEMENT
Title The Israel merchant marine;
Remainder of title an economic appraisal.
260 ## - PUBLICATION, DISTRIBUTION, ETC.
Place of publication, distribution, etc. Jerusalem,
Date of publication, distribution, etc. 1962.
300 ## - PHYSICAL DESCRIPTION
Extent xvi, 122 p.
Other physical details illus.
Dimensions 24 cm.
650 #0 - SUBJECT ADDED ENTRY--TOPICAL TERM
Topical term or geographic name entry element Merchant marine
Geographic subdivision Israel.

No items available.

Powered by Koha